000 00420nam a2200169Ia 4500
005 20250508162510.0
008 008 250505s9999 xx 000 0 hin d
037 _aTextual
040 _aFEDL
_beng
_cFEDL
041 _ahin
_2eng
084 _a891.43, NAG
_qFEDL
100 _aNagendra
245 0 _aAalochak ki aastha
300 _a176p.
942 _cTEXL
_h891.43, NAG
999 _c1376927
_d1376927